| 000 | 00704nam a2200229Ii 4500 | ||
|---|---|---|---|
| 003 | JO-AjNU | ||
| 008 | 230605s9999||||xx |||||||||||||| ||und|| | ||
| 017 | _a2002/8749 | ||
| 020 | _a977-01-7812-8 | ||
| 040 |
_aJO-AjNU _bara _erda _cJO-AjNU |
||
| 041 | _aara | ||
| 050 | 1 | 4 | _aPJ7505.4.D8722 2002 |
| 100 | 3 |
_aدرة، أحمد, _eauthor _938361 |
|
| 245 | 0 | 0 | _aأطباء نبغو في الأدب |
| 250 | _aط2 | ||
| 264 | 3 | 1 | _aالقاهرة: الهيئة المصرية العامة للكتاب،2002 |
| 300 | _a223ص | ||
| 336 |
_atext _btxt _2rdacontent |
||
| 337 |
_aunmediated _bn _2rdamedia |
||
| 338 |
_avolume _bnc _2rdacarrier |
||
| 650 | 4 |
_aالأدباء العرب-تراجم _938362 |
|
| 999 |
_aA16111 _c19679 _d19679 |
||